Capitales d'Afrique sur un itinéraire mystère - Statistiques

Statistiques générales
  • Ce quiz a été pris 994 fois
  • Le résultat moyen est 11 sur 16
Réponses sur la Carte
Les réponses sont colorées sur une échelle allant du rouge au vert en fonction du pourcentage des utilisateurs qui les ont devinées à leur premier essai. Vous pouvez retrouver ces pourcentages ci-dessous.
 
Statistiques - réponses
# Capitale % Correct
Départ Le Caire
100%
1 Tunis
100%
2 Bamako
90%
3 Dakar
85%
4 Praia
78%
6 Le Cap
75%
5 Windhoek
75%
7 Lusaka
64%
8 Yamoussoukro
60%
9 N'Djaména
56%
10 Bangui
54%
11 Lilongwe
47%
12 Maputo
44%
13 Port-Louis
43%
Arrivée Mogadiscio
42%
14 Nairobi
40%
Aucun quiz correspondant
Distribution des résultats
% des personnes avec chaque résultat
Percentile par nombre de réponses
Votre historique - résultats
Vous n’avez pas pris ce quiz